LEADER 01495nam a2200241 i 4500 001 000000031792 003 CaOOAMICUS 005 20210518140801.0 008 180830s1705 it u000 u lat u 040 $aSeMil$bita 100 1 $aMabillon, Jean,$c.$0(OLS)http://semarc/name/6333 245 10$aTractatus de studiis monasticis in tres partes distributus. Cum quadam praecipuarum difficultatum serie, quae in autographorum operum lectione singulis quibusque saeculis occurrunt, ... Auctore p.d. Joanne Mabillon ... tomus 1. [-2.] latine' versus a p.d. Josepho Porta Astensi .. 260 $aVenetiis :$bTypis Andreae Poleti,$c1705. 300 $a2 v. ;$c8°. 500 $aVignetta xilogr. (aquila) sul front. del vol. 1. - Legati insieme i 2 vol. 700 1 $aPorta, Giuseppe.$0(OLS)http://semarc/name/7445 700 1 $aPiccini, Isabella .$0(OLS)http://semarc/name/4307 700 1 $aPoletti, Andrea,$c.$0(OLS)http://semarc/name/11828 774 0 $tTomus 1.$g1$w()241187 774 0 $tTomus 2.$g2$w()241188 996 $6245$aTractatus de studiis monasticis in tres partes distributus. Cum quadam praecipuarum difficultatum serie, quae in autographorum operum lectione singulis quibusque saeculis occurrunt, ... Auctore p.d. Joanne Mabillon ... tomus 1. [-2.] latine' versus a p.d. Josepho Porta Astensi ..$9(OLS)http://semarc/title/43128 996 $6260$aVenetiis :$bTypis Andreae Poleti$9(OLS)http://semarc/publisher/38850 LEADER 00914nam a2200241 i 4500 001 000000102360 003 CaOOAMICUS 005 20180830171929.0 008 180830s1980 xx u000 u und u 013 $a74513 020 $a88-7047 040 $aSeMil$bita 100 1 $aGozzano, Guido <1883-1916>.$0(OLS)http://semarc/name/18735 245 10$aVerso la cuna del mondo. Lettere dall'India. 260 $aRoma :$bA.BE.TE,$c1980. 300 $a169 p. 650 4$aEpistolari.$0(OLS)http://semarc/subject/1376 700 1 $aOrengo, Nico,$d<1944-2009>.$0(OLS)http://semarc/name/43887 850 $aSeMil 852 $aSeMil$W1$xVenegono$y1$m422 1 *$j58882$B58882$CSeMilBibl$Z2$F69872 $81 996 $6020$a88-7047$9(OLS)http://semarc/number/82030 996 $6245$aVerso la cuna del mondo. Lettere dall'India$9(OLS)http://semarc/title/149039 996 $6260$aRoma :$bA.BE.TE$9(OLS)http://semarc/publisher/44689